The Economics of Keynes : (Record no. 612782)

MARC details
000 -LEADER
fixed length control field 00518nam a2200193 a 4500
008 - FIXED-LENGTH DATA ELEMENTS--GENERAL INFORMATION
fixed length control field 260217s2006##################000#0#eng##
020 ## - INTERNATIONAL STANDARD BOOK NUMBER
ISBN 9781847200822
082 04 - DEWEY DECIMAL CLASSIFICATION NUMBER
Classification number 330.156
Item number HAY
100 1# - MAIN ENTRY--AUTHOR NAME
Personal name Hayes, Mark G.,
245 10 - TITLE STATEMENT
Title The Economics of Keynes :
260 ## - PUBLICATION, DISTRIBUTION, ETC. (IMPRINT)
Name of publisher Edward Elgar Publishing,
Year of publication 2006.
300 ## - PHYSICAL DESCRIPTION
Number of Pages 296 pages
650 #0 - SUBJECT ADDED ENTRY--TOPICAL TERM
Topical Term Biography & Autobiography.
942 ## - ADDED ENTRY ELEMENTS (KOHA)
Koha item type English Books
Holdings
Withdrawn status Lost status Damaged status Not for loan Home library Current library Shelving location Date acquired Full call number Accession Number Price effective from Koha item type
        Anna Centenary Library Anna Centenary Library 4TH FLOOR, A WING 17.02.2026 330.156 HAY 342877 17.02.2026 English Books

Find us on the map